La Cañadilla de Santiago

Uloženo v:
Podrobná bibliografie
Hlavní autor: Rosales Justiniano, Justo Abel (Autor)
Médium: Kniha
Jazyk:španělština
Vydáno: Santiago Establecimiento tipográfico de La Epoca 1887
Vydání:1a. ed
Témata:
Tagy: Přidat tag
Žádné tagy, Buďte první, kdo vytvoří štítek k tomuto záznamu!

MARC

LEADER 00000nam a2200000 a 4500
001 UCJ3363
003 CL-VaPUC
008 070124e18870000CL |||||||||||||||||spa|d
082 0 4 |a Ch863  |b ROS  |2 21 
100 0 |a Rosales Justiniano, Justo Abel  |e author  |9 505146 
245 1 3 |a La Cañadilla de Santiago 
250 |a 1a. ed 
300 |a 237 p 
942 |c BK 
945 |d 20070124 00:00:00  |a rinostro 
260 |a Santiago  |b Establecimiento tipográfico de La Epoca  |c 1887 
500 |a Relatos documentados acerca de la historia de Santiago 
600 0 7 |a ZAÑARTU, LUIS MANUEL DE  |2 CL-VaPUC  |9 505147 
650 7 |a NOVELA HISTORICA  |2 CL-VaPUC  |9 315497 
650 7 |a CRONICAS  |2 CL-VaPUC  |9 336724 
650 7 |a MEMORIAS  |2 CL-VaPUC  |9 269159 
650 0 |a Cultura  |9 269059 
651 0 |a Santiago  |9 265444 
583 |a last modification  |c 20070124 00:00:00  |k Rodrigo Vera 
999 |c 319485  |d 319483 
952 |0 0  |1 0  |4 0  |6 CH_863_000000000000000_ROS_1887  |7 0  |8 X  |9 397816  |a FDOBUD  |b FDOBUD  |d 2019-11-22  |i 1003046  |o Ch863 ROS 1887  |p 1003046  |r 2019-11-22  |w 2019-11-22  |y BK_X  |k BUD